00569nam a2200157Ia 4500008004100000100001800041245011500059245001800174260005900192260000900251650001800260650001500278856002600293999001900319952007300338170221s9999 xx 000 0 und d aHatem EL Zein 4aThe intersection of interests between Al-Jazeera and Al-Qaida in the era of “War on Terror” Hatem EL Zein  cHatem EL Zein bOnline Journal of Communication and Media Technologies c2015 xCommunication xMedia Arts uhttp://www.ojcmt.net/ c309227d309227 001040aCLbCLd2017-02-21l0r2017-02-21 00:00:00w2017-02-21yFOJ